Western Socio Logists An Indian Society (Record no. 25207)

MARC details
000 -LEADER
fixed length control field 00431nam a2200181Ia 4500
008 - FIXED-LENGTH DATA ELEMENTS--GENERAL INFORMATION
fixed length control field 220531s9999 xx 000 0 und d
041 ## - LANGUAGE CODE
Language code of text/sound track or separate title eng
082 ## - DEWEY DECIMAL CLASSIFICATION NUMBER
Item number MAD
100 ## - MAIN ENTRY--PERSONAL NAME
Personal name Madan, G. R.
9 (RLIN) 42242
245 ## - TITLE STATEMENT
Title Western Socio Logists An Indian Society
250 ## - EDITION STATEMENT
Edition statement 1ST
260 ## - PUBLICATION, DISTRIBUTION, ETC. (IMPRINT)
Name of publisher, distributor, etc. RKP
Date of publication, distribution, etc. 1995
300 ## - PHYSICAL DESCRIPTION
Extent 378
542 ## - INFORMATION RELATING TO COPYRIGHT STATUS
Copyright holder 26-07-2000
650 ## - SUBJECT ADDED ENTRY--TOPICAL TERM
Topical term or geographic name as entry element Sociology
9 (RLIN) 42243
906 ## - LOCAL DATA ELEMENT F, LDF (RLIN)
d 2000-2001
f 7576
Holdings
Withdrawn status Lost status Source of classification or shelving scheme Damaged status Not for loan Collection code Home library Current library Date acquired Vendor Cost, normal purchase price Total Checkouts Total Holds Full call number Barcode Date last seen Bill Date Koha item type Original Barcode
    Dewey Decimal Classification       Shri Siddhivinayak Mahila Mahavidyalaya Shri Siddhivinayak Mahila Mahavidyalaya 27/07/2000 International 300.00   1 /MAD/B/6191 SSMM-BK-6191 06/08/2022 06/08/2022 Books 010006191